Principals of Macroeconomics (Record no. 2239)

MARC details
000 -LEADER
fixed length control field 00504nam a2200193Ia 4500
003 - CONTROL NUMBER IDENTIFIER
control field OSt
005 - DATE AND TIME OF LATEST TRANSACTION
control field 20240503084529.0
008 - FIXED-LENGTH DATA ELEMENTS--GENERAL INFORMATION
fixed length control field 230312s9999||||xx |||||||||||||| ||und||
020 ## - INTERNATIONAL STANDARD BOOK NUMBER
International Standard Book Number 0-7295-3606-8
040 ## - CATALOGING SOURCE
Language of cataloging English
082 ## - DEWEY DECIMAL CLASSIFICATION NUMBER
Classification number 339
Item number STO-P
100 ## - MAIN ENTRY--PERSONAL NAME
Personal name Stonecash, Robin. Gans, Joshu. King, Stephen
245 #0 - TITLE STATEMENT
Title Principals of Macroeconomics
260 ## - PUBLICATION, DISTRIBUTION, ETC.
Name of publisher, distributor, etc. Thomson
Place of publication, distribution, etc. Australia
Date of publication, distribution, etc. 2002
300 ## - PHYSICAL DESCRIPTION
Extent 19-16
546 ## - LANGUAGE NOTE
Language note Eng.
650 ## - SUBJECT ADDED ENTRY--TOPICAL TERM
Topical term or geographic name entry element Economics
Form subdivision introduction, issues and data
942 ## - ADDED ENTRY ELEMENTS (KOHA)
Koha item type BOOK
Source of classification or shelving scheme Dewey Decimal Classification
Holdings
Withdrawn status Lost status Source of classification or shelving scheme Damaged status Not for loan Home library Current library Date acquired Total Checkouts Full call number Barcode Date last seen Copy number Price effective from Koha item type
    Dewey Decimal Classification     Superior Information Resource Center (SIRC) Superior University - City Campus Superior Information Resource Center (SIRC) Superior University - City Campus 03/13/2023   339 MAN-P 2250 03/13/2023 1 03/13/2023 BOOK
    Dewey Decimal Classification     Superior Information Resource Center (SIRC) Superior University - City Campus Superior Information Resource Center (SIRC) Superior University - City Campus 05/03/2024   339 MAN-P 2251 05/03/2024 2 05/03/2024 BOOK

Powered by Koha